Air words : Writing for broadcast news
Đã lưu trong:
| Príomhúdar: | |
|---|---|
| Formáid: | Leabhar |
| Teanga: | Undetermined |
| Foilsithe: |
New York
McGraw-Hill
2002
|
| Ábhair: | |
| Clibeanna: |
Cuir Clib Leis
Gan Chlibeanna, Bí ar an gcéad duine leis an taifead seo a chlibeáil!
|
| Thư viện lưu trữ: | Trung tâm Học liệu Trường Đại học Cần Thơ |
|---|
| LEADER | 00573nam a2200217Ia 4500 | ||
|---|---|---|---|
| 001 | CTU_88937 | ||
| 008 | 210402s9999 xx 000 0 und d | ||
| 020 | |c 270000 | ||
| 082 | |a 808.06607 | ||
| 082 | |b H611 | ||
| 100 | |a Hewitt, John | ||
| 245 | 0 | |a Air words : | |
| 245 | 0 | |b Writing for broadcast news | |
| 245 | 0 | |c John Hewitt | |
| 260 | |a New York | ||
| 260 | |b McGraw-Hill | ||
| 260 | |c 2002 | ||
| 650 | |a Television broadcasting of news,Broadcast journalism | ||
| 650 | |x Authorship | ||
| 904 | |i Truc | ||
| 980 | |a Trung tâm Học liệu Trường Đại học Cần Thơ | ||